Revista Ius

Detalles Bibliográficos
Autor Corporativo: Instituto de Ciencias Jurd̕icas de Puebla A.C
Formato: Revista
Lenguaje:español
Publicado: Puebla : Instituto de Ciencias Jurd̕icas de Puebla.
Materias:
Acceso en línea:Acceso restringido

MARC

LEADER 00000nas a22000007a 4500
005 20110829120955.0
008 110829t2006 mx ar|p|s|||| 00| b1spa d
022 |a 1870-2147  
035 |a 5692 
040 |a vLex 
090 |c 2286  |d 2286 
245 0 0 |a Revista Ius  |h [Recurso electrn̤ico] 
256 |a Servicio en ln̕ea. 
260 |a Puebla :  |b Instituto de Ciencias Jurd̕icas de Puebla. 
310 |a Anual 
500 |a Descripcin̤ de: Nm︢. 18 (2006) 
500 |a A patir de 2006 comienza una nueva p̌oca en la revista. 
506 1 |a Contenido solo disponible en los productos indicados  |d vLex Global  |d vLex Global (Academic Edition, excluding Law Schools)  |d vLex Global (U.S. Academic Edition, Law Schools)  |d vLex Global (U.S. Academic Edition, excluding Law Schools)  |d vLex Global (Academic Edition, Law Schools) 
650 0 4 |a Derecho  |z Mx̌ico 
710 2 |a Instituto de Ciencias Jurd̕icas de Puebla A.C. 
740 0 |a vLex Revistas (Servicio en ln̕ea) 
856 4 0 |u http://vlex.com/source/revista-ius-instituto-ciencias-juridicas-puebla-5692  |z Acceso restringido 
942 |c REV